000 00466nam a2200181Ia 4500
001 10509
005 20260306161837.0
008 260306t1952||||xx |||||||||||||| ||spa||
041 _aESP
082 _a940
_bR47
100 _aReynold, Gonzague de
_eAUT
245 0 _aLa formación de Europa:
_bel mundo bárbaro y su fusión con el romano
260 _c1952
300 _a262 páginas :
_c22 cm.
650 _aGEN
654 _aCHU
942 _cLIB
_dJUS
_fJUS
_2ddc
_n
999 _c10509
_d10509